Derecho de las obligaciones : (Registro nro. 22098)

Detalles MARC
000 -Cabecera
Campo de control interno 00821nam a2200229Ia 4500
005 - Fecha y hora del registro
control field 20260416140345.0
008 - Elementos de Longitud Fija
fixed length control field 260320s9999||||xx |||||||||||||| ||und||
020 ## - ISBN
ISBN 9786124943010
041 ## - Idioma
Codigo Idioma ESP
082 ## - DEWEY y NOTACIÓN INTERNA
Dewey 346.5
Notación Interna P19E
100 ## - AUTOR
Autor denominación Palacios Martínez, Eric,
Término de relación autor
245 #0 - TÍTULO DE MATERIAL BIBLIOGRÁFICO
Título Derecho de las obligaciones :
Título paralelo problemas fundamentales en la codificación civil
260 ## - CIUDAD, EDITORIAL, AÑO
Ciudad Lima :
Nombre de la Editorial Grupo Praxis,
Año 2024
300 ## - DESCRIPCIÓN
N° Páginas 703 páginas :
Dimensiones 25 cm.
440 ## - MENCIÓN DE SERIE
Título de la Serie (Derecho Civil)
650 ## - TEMAS
Temas Ciencias Sociales
653 ## - DESCRIPTORES
Lenguajes no controlado Derecho; Derecho procesal civil; Codificación civil
654 ## - PROGRAMAS
Programa
856 ## - URL - UBICACIÓN
URI/URL: Enlace exacto del recurso <a href="https://0u214rxrl-y-https-app-vlex-com.itmsp.museknowledge.com/search/jurisdiction:PE/Derecho+de+las+obligaciones+codificacion+civil">https://0u214rxrl-y-https-app-vlex-com.itmsp.museknowledge.com/search/jurisdiction:PE/Derecho+de+las+obligaciones+codificacion+civil</a>
Nota pública: Versión digital <a href="Véase además: Base de datos Vlex">Véase además: Base de datos Vlex</a>
942 ## - ELEMENTOS DE KOHA
Tipo de documento Libro
Nombre del creador Justo Noguera
Código de catalogador Mirtha Ponce
Esquema de clasificación Dewey Decimal Classification
Existencias
Codigo completo Registro Colección Copia número Disponibilidad Tipo de préstamo Biblioteca Actual Procedencia (Biblioteca) Ubicacón Fecha Ingreso Tipo de Adquisición Observación Date last seen Total checkouts Price effective from Tipo de Item Estado del Material Fuente de Clasificación Damaged status Withdrawn status
346.5 P19E 1088016 Universidad Católica San Pablo 1 No disponible Proceso Víctor Andrés Belaunde Víctor Andrés Belaunde Primer piso 10/03/2026 Compra Derecho 20/03/2026   20/03/2026 Libro Bueno Dewey Decimal Classification   Withdrawn